header

Echocardiography board review (Record no. 38039)

MARC details
000 -LEADER
fixed length control field 01293nam a2200313Ia 4500
082 04 - DEWEY DECIMAL CLASSIFICATION NUMBER
Classification number 616.1/2075430076
100 1# - MAIN ENTRY--AUTHOR NAME
Personal name Pai, Ramdas G.
245 10 - TITLE STATEMENT
Title Echocardiography board review
260 ## - PUBLICATION, DISTRIBUTION, ETC. (IMPRINT)
Place of publication Chichester, West Sussex, England ;
-- Hoboken, NJ :
Name of publisher John Wiley & Sons,
Year of publication c2007.
300 ## - PHYSICAL DESCRIPTION
Number of Pages vi, 188 p. :
Other physical details ill.
650 #0 - SUBJECT ADDED ENTRY--TOPICAL TERM
Topical Term Echocardiography
Topical Term Internal medicine.
700 1# - ADDED ENTRY--PERSONAL NAME
Personal name Varadarajan, Padmini.
856 40 - ELECTRONIC LOCATION AND ACCESS
Uniform Resource Identifier http://site.ebrary.com/lib/rucke/Doc?id=10233080

No items available.

© 2026 Rongo University
Contact us: librarian | system librarian | Rongo university